Girijakalyanam:Geetha Prabandham (Record no. 45248)

MARC details
000 -LEADER
fixed length control field 00427nam a2200145Ia 4500
008 - FIXED-LENGTH DATA ELEMENTS--GENERAL INFORMATION
fixed length control field 211109s9999||||xx |||||||||||||| ||und||
082 ## - DEWEY DECIMAL CLASSIFICATION NUMBER
Classification number 894.81209
Item number KER-G
100 ## - MAIN ENTRY--PERSONAL NAME
Personal name Kerala Sahitya Accademy,
245 #0 - TITLE STATEMENT
Title Girijakalyanam:Geetha Prabandham
260 ## - PUBLICATION, DISTRIBUTION, ETC.
Name of publisher, distributor, etc. Kerala Sahitya Akademi
Place of publication, distribution, etc. Trichur
Date of publication, distribution, etc. 1989
300 ## - PHYSICAL DESCRIPTION
Extent 309p
630 ## - SUBJECT ADDED ENTRY--UNIFORM TITLE
General subdivision GENERAL STACK
650 ## - SUBJECT ADDED ENTRY--TOPICAL TERM
Topical term or geographic name entry element Malayalam literature
942 ## - ADDED ENTRY ELEMENTS (KOHA)
Koha item type BOOK
650 ## - SUBJECT ADDED ENTRY--TOPICAL TERM
Form subdivision Literature & rhetoricMalayalam
Holdings
Withdrawn status Lost status Damaged status Not for loan Home library Current library Date acquired Cost, normal purchase price Total Checkouts Full call number Barcode Shelving location Date last seen Price effective from Koha item type
        SB LIBRARY SB LIBRARY 09/11/2021 30.00   894.81209 KER-G 00087209 GENERAL STACK 09/11/2021 09/11/2021 BOOK

Powered by Koha